| 000 | 00635nam a22002297a 4500 | ||
|---|---|---|---|
| 003 | DO-SdBNP | ||
| 005 | 20240530073925.0 | ||
| 007 | ta | ||
| 008 | 210920b2018 ||||| |||| 00| 0 spa d | ||
| 020 | _a978-9945-8-0318-1 | ||
| 040 |
_aDO-SdBNP _bspa _cBNPHU |
||
| 082 |
_aRD863.44 _bM425p |
||
| 100 | 1 |
_aMata Vega, Kenia _979951 |
|
| 245 |
_aPandilleros / _cKenia Mata Vega |
||
| 260 |
_aMoca, República Dominicana : _bAmigo del Hogar, _c2018 |
||
| 300 |
_a138 p. ; _c24 cm |
||
| 590 | _aInventariado, 2021 / DG | ||
| 650 | 0 |
_aNovela dominicana _9223 |
|
| 650 | 4 |
_aLiteratura dominicana _979952 |
|
| 910 | _aD/G | ||
| 942 |
_2ddc _cLBS1 |
||
| 999 |
_c50574 _d50574 |
||